000 00533nam a2200145 a 4500
001 000040826
005 20201002034416.0
008 130909s2004 dr 000 0 spa d
040 _aDO-SdBNP
_bspa
_cBNPHU
100 1 _aRobison, Fredrick A.
_967249
245 1 0 _a¿Por qué soy cristiano? ¿por qué soy católico? /
_cFredrick A. Robison.
246 1 4 _a¿Por qué soy cristiano? ¿por qué soy católico? ¿Por qué soy anglicano?
260 _a[Santo Domingo ] :
_bIglesia Episcopal Dominicana,
_c[199?].
300 _a35 p. ;
_c21 cm.
999 _c40316
_d40316